00705nam a2200241 a 4500001001300000003000900013005001700022008004100039020001000080082001700090100002900107245005300136260003200189300001000221500003500231505001000266650001100276700002900287902000800316942000700324952011700331999001500448nice12345678IN_TiNIC20260116011613.0050524s1914 dela grp 000 0 ara  ac10000a297.124bTON aTonki, Mohammad Abdullah aKitab Nazhat Un-Nazar-Fi-Tawdih Nakhbat Ul-Fikr. aDelhibMujtabai Pressc1914 a121p. aincludes index and biblioraphy2 aIndex aHadith1 aTonki, Mohammad Abdullah bRBA cBK 001040708RareBook->aHMIbHMId2007-08-07g100.00l0o297.124 TONp03085r2007-08-07v100.00w2005-05-24yBK c2841d2841